|
|
|
|
| LEADER |
01092nam a2200277 u 4500 |
| 001 |
10118697 |
| 003 |
upatras |
| 005 |
20210117205705.0 |
| 008 |
160112s1985 us eng |
| 020 |
|
|
|a 0898711983
|
| 040 |
|
|
|a GR-PaULI
|c GR-PaULI
|
| 041 |
1 |
|
|a eng
|
| 082 |
0 |
4 |
|a 515.45
|
| 100 |
1 |
|
|a Linz, Peter
|4 aut
|9 148191
|
| 245 |
1 |
0 |
|a Analytical and numerical methods for Volterra equations
|c Peter Linz
|
| 260 |
|
|
|a Philadelphia
|b SIAM
|c 1985
|
| 300 |
|
|
|a xiii, 227 σ.
|c 24 εκ.
|
| 490 |
1 |
|
|a SIAM studies in applied mathematics
|v 7
|
| 504 |
|
|
|a Περιέχει βιβλιογραφικές αναφορές και ευρετήριο
|
| 650 |
|
4 |
|a Μαθηματική ανάλυση
|9 129
|
| 760 |
1 |
|
|a SIAM studies in applied mathematics
|
| 852 |
|
|
|a GR-PaULI
|b ΠΑΤΡΑ
|b ΒΚΠ
|b ΒΣ1
|k ΑΣΧΞ
|h 515.45 LIN
|m 124293
|p 025000241569
|t 1
|
| 942 |
|
|
|2 ddc
|c BK15
|
| 952 |
|
|
|0 0
|1 0
|4 0
|6 515_450000000000000_LIN
|7 0
|9 187603
|a LISP
|b LISP
|c BSC
|d 2016-04-24
|i 124293
|l 0
|o 515.45 LIN
|p 025000241569
|r 2016-04-24 00:00:00
|t 1
|w 2016-04-24
|y BK15
|
| 998 |
|
|
|c ΜΠΟΥΡΑΣ
|d 2016-01
|
| 999 |
|
|
|c 115711
|d 115711
|